000
00292 a2200133 4500
020
_a
8131705331
082
_a
621.7:744 NOR
245
_a
Machine design: An integrated approach
250
_a
2/e
260
_b
Pearson
_c
2000
300
_a
xxv,1078p.
942
_c
BK
100
_a
Norton Robert. L
999
_c
341
_d
341